000 00887nas a2200265 4500
001 BR7601399
003 BR-BrBNA
005 20231205082934.0
007 ta
008 230509b bl.|||p| |||| 00| 00por d
040 _aBR-BrBNA
_bpor
_cBiblioteca Nacional de Agricultura
041 _a(En)
072 _aL50
100 1 _aContel, E.P.B.
100 1 _aMestriner, M.A.
245 1 _aDevelopmental protein patterns in two species of stingless bees: Melipona quadrifasciata anthidioides and Melipona subnitida [proteina, desenvolvimento de abelha, abelha sem ferrao]
650 _aFISIOLOGIA ANIMAL
650 _aBIOQUIMICA ANIMAL
650 _aPROTEINA
650 _aABELHA
650 _aELETROFORESE
773 0 _tCiencia e Cultura (Brazil)
_xISSN 0009-6725
_g(Nov 1975), v. 27(11) p. 1221-1224
_wBR7601399
909 _a202311
_bLúcia
_c55
_dLúcia Elande
942 _2AGRIS
_n0
_cANA
999 _c95244
_d95244